| 000 | 00630nam a22001937a 4500 | ||
|---|---|---|---|
| 008 | 160229b xxu||||| |||| 00| 0 eng d | ||
| 082 |
_22010 _aDFil 510 _bB32m |
||
| 100 |
_93259 _aBautista, Leodegario SM. |
||
| 245 |
_aMathematics of investment/ _cLeodegario SM. Bautista [ and 4 others] |
||
| 250 | _a2nd edition. | ||
| 260 |
_aQuezon City: _bC & E Publishing, _cc2010. |
||
| 300 |
_ax, 214 pages; _c25 cm. |
||
| 650 | 0 |
_93258 _aMathematics. |
|
| 700 |
_93260 _aDe Lara, Carmelita G. |
||
| 700 |
_93261 _aGorospe, Normita B. |
||
| 700 |
_93262 _aHilario, Christie R. |
||
| 700 |
_93264 _aNaval, Victoria C. |
||
| 942 |
_2ddc _cDFIL |
||
| 999 |
_c1158 _d1158 |
||